| 000 | 01980nam0a2200349 4500 | ||
|---|---|---|---|
| 001 | RU\NLR\bibl\1656445 | ||
| 005 | 20260407180757.0 | ||
| 021 |
_aRU _b2010-44976 _93010 |
||
| 035 | _a(NLR Aleph) 001647745 | ||
| 090 |
_a902175 _c902175 |
||
| 100 | _a20100720d2009 |||y0rusy50 ca | ||
| 101 | 0 | _arus | |
| 102 | _aRU | ||
| 105 | _ay ||||||||| | ||
| 200 | 1 |
_aФункциональные свойства единиц языка _eколлективная монография _f[Абрамова Татьяна Валентиновна, к.филол.н., доц., Иванов Владимир Константинович, к.п.н., доц., Егорова Ирина Вениаминовна, к.филол.н., доц. и др. _gнауч. ред.: д.филол.н., проф. Шустрова Е.В.] _gПрикам. социал. ин-т, Прикам. науч. собр. |
|
| 210 |
_aПермь _cПСИ _d2009 |
||
| 215 |
_a271 с. _d21 |
||
| 300 | _aАвт. указаны в конце кн. | ||
| 320 | _aБиблиогр.: с. 250-266 | ||
| 606 | 1 |
_aЕдиницы языка _92411321 _3RU\NLR\auth\661436679 |
|
| 686 | _aШ100.4 | ||
| 701 | 1 |
_4070 _8rus _7ca _aАбрамова _bТ. В. _cканд. филол. наук _gТатьяна Валентиновна _3RU\NLR\auth\7751229 _934163 |
|
| 701 | 1 |
_4070 _8rus _7ca _aИванов _bВ. К. _cканд. пед. наук _gВладимир Константинович _3RU\NLR\auth\7788513 _971441 |
|
| 701 | 1 |
_4070 _8rus _7ca _aЕгорова _bИ. В. _cканд. филол. наук _gИрина Вениаминовна _3RU\NLR\auth\7789982 _972909 |
|
| 702 | 1 |
_aШустрова _bЕ. В. _gЕлизавета Владимировна _4340 |
|
| 712 | 0 | 2 |
_4570 _aПрикамский социальный институт _cПермь _3RU\NLR\AUTH\8810115234 _9729717 |
| 801 | 0 |
_aRU _bNLR _c20100720 _gRCR |
|
| 801 | 1 |
_aRU _bNLR _c20100720 |
|
| 830 | _aред. по ЭК | ||
| 942 | _cBOOK | ||
| 980 | _aNB | ||